MLB home run leaders through the first 12 games of 2026 - Statistics

General Stats
  • This quiz has been taken 65 times
  • The average score is 10 of 12
Answer Stats
Rank #of home runs Team Position Answer % Correct
5. 4 Orioles SS Gunner Henderson
94%
1. 5 A's C Shea Langeliers
94%
5. 4 Nationals LF James Wood
92%
5. 4 Pirates CF Oneil Cruz
90%
5. 4 Astros LF Yordan Alvarez
88%
5. 4 Nationals SS CJ Abrams
86%
1. 5 Braves C Drake Baldwin
86%
1. 5 Cardinals RF Jordan Walker
84%
5. 4 Angels SS Zach Neto
84%
1. 5 Guardians RF Chase DeLauter
80%
5. 4 Cubs LF Ian Happ
76%
5. 4 White Sox 3B Munetaka Murakami
76%
No matching quizzes found
Score Distribution
Percent of People with Each Score
Percentile by Number Answered
Your Score History
You have not taken this quiz